header

Persuasive technology (Record no. 232559)

MARC details
000 -LEADER
fixed length control field 01341nam a22003134a 4500
082 04 - DEWEY DECIMAL CLASSIFICATION NUMBER
Classification number 153.8/52/0285
100 1# - MAIN ENTRY--AUTHOR NAME
Personal name Fogg, B. J.
245 10 - TITLE STATEMENT
Title Persuasive technology
260 ## - PUBLICATION, DISTRIBUTION, ETC. (IMPRINT)
Place of publication Amsterdam ;
-- Boston :
Name of publisher Morgan Kaufmann Publishers,
Year of publication c2003.
300 ## - PHYSICAL DESCRIPTION
Number of Pages xxviii, 283 p. :
Other physical details ill.
490 1# - SERIES STATEMENT
Series statement The Morgan Kaufmann series in interactive technologies
650 #0 - SUBJECT ADDED ENTRY--TOPICAL TERM
Topical Term Persuasion (Psychology)
Topical Term Human-computer interaction.
856 40 - ELECTRONIC LOCATION AND ACCESS
Uniform Resource Identifier http://site.ebrary.com/lib/rucke/Doc?id=10186233

No items available.

© 2026 Rongo University
Contact us: librarian | system librarian | Rongo university